00882nam a22001695i 4500001000700000003000900007005001700016008004100033040002000074100003200094245019700126260006300323300002100386500008500407700003800492852018200530162676ES-MaACL20230906212558.0020401s1873 sp |||| | spa d aCAM bspa cCAM1 aPuente y Brañas, Ricardo.11a¿Come el duque? b: pasillo pasajero de puro pasatiempo que pasó, pasa y pasará siempre al paso que vamos / clibro original de Ricardo Puente y Brañas ; música de Guillermo Cereceda. aMadrid : b[s.n.], c1873 (fImprenta de José Rodriguez) a30 p. ; c20 cm. aEn port.: Estrenado en el Teatro de Jovellanos la noche del 10 de marzo de 1873.1 aCereceda, Guillermo (d1844-1919) aES-MaACLjF-8581(10) z-- Enc. pasta española q-- Falto de la cub. originalz-- Enc. en un vol. facticio ormando parte de la col. facticia "Teatro español moderno", vol. 34